00605nam a22002057a 450000500170000001000130001702000220003003500130005203700160006504000120008108200150009310000250010824500760013326000380020927000440024730000210029150000510031265000220036365000140038520170124110158.0 aA-516488 c00.00a8185182671 aA-516488 bCen Lib/Ret aDPLbEN a128.4bMOH aMohanty, Saroj Kumar aThe concept of action : cby Saroj Kumar Mohantyban analytical study / aNew DelhibIndus Publishingc1992 aFS-5, Tagore GardenbNew Delhie1100027 a163p. c21cm(Hb) aIncludes bibliographical references and index  aAct (Philosophy)  aCausation